| 000 | 01252cam a22003131 4500 | ||
|---|---|---|---|
| 001 | 8646 | ||
| 003 | BD-RjUL | ||
| 005 | 20211208234627.0 | ||
| 008 | 160119t1963 nyua b 001 0 eng | ||
| 035 | _a(BD-RjUL)8691 | ||
| 040 |
_aDLC/ICU _cICU _dDLC _dBD-RjUL _beng |
||
| 041 | _aeng | ||
| 082 | 0 | 0 |
_a530.15 _216 _bBEI 1963 |
| 100 | 1 |
_aBellman, Richard E. _d1920-1984. _921308 |
|
| 245 | 1 | 0 |
_aInvariant imbedding and radiative transfer in slabs of finite thickness / _cby Richard E. Bellman, Robert E. Kalaba [and] Marcia C. Prestrud. |
| 260 |
_aNew York : _bAmerican Elsevier Pub. Co., _c1963. |
||
| 300 |
_aviii, 346 p. : _bdiagrs., tables. ; _c24 cm. |
||
| 490 | 1 |
_aModern analytic and computational methods in science and mathematics ; _vv. 1 |
|
| 500 | _a[A Rand Corporation research study] | ||
| 504 | _aBibliographical reference and index. | ||
| 650 | 0 |
_aInvariant imbedding. _926934 |
|
| 650 | 0 |
_aRadiative transfer. _926935 |
|
| 700 |
_aKalaba, Robert E. , jt. auth. _9219070 |
||
| 700 |
_aPrestrud, Marcia C. , jt. auth. _9219071 |
||
| 830 | 0 |
_aModern analytic and computational methods in science and mathematics ; _vv. 1. _9219072 |
|
| 830 | 0 |
_aRand Corporation research study. _9219073 |
|
| 942 |
_2ddc _cBK |
||
| 999 |
_c8646 _d8646 |
||